Osobní počítače a lokální sítě : Základy vytváření sítí. Struktura a činnost lokálních sítí. LAN-Software IBM, 3 COM. Microsoft, Novell, Banyan pod DOSem, OS/2 a Unix, testy LAN /

Na minha lista:
Detalhes bibliográficos
Autor principal: Kauffels, Franz-Joachim (Author)
Formato: Livro
Idioma:tcheco
Publicado em: Brno : UNIS, 1992
Edição:1.vyd.
Assuntos:
Tags: Adicionar Tag
Sem tags, seja o primeiro a adicionar uma tag!

MARC

LEADER 00000nam a22000003a 4500
001 stu41573
005 20150617225719.4
008 931230s1992----cs------------------cze-d
040 |a STU  |b slo 
041 0 |a cze 
044 |a cs 
080 |a 681.31 
080 |a 681.324 
100 1 |a Kauffels, Franz-Joachim  |4 aut 
245 1 |a Osobní počítače a lokální sítě :  |b Základy vytváření sítí. Struktura a činnost lokálních sítí. LAN-Software IBM, 3 COM. Microsoft, Novell, Banyan pod DOSem, OS/2 a Unix, testy LAN /  |c [aut.]JOAFranz-Joachim Kauffels 
250 |a 1.vyd. 
260 |a Brno :  |b UNIS,  |c 1992 
300 |a 444 s 
650 7 |a počítače osobné  |2 stusub 
650 7 |a Siete lokálne  |2 stusub 
650 7 |a LAN  |2 stusub 
996 |b 284M039817  |c M*8395-2  |l MMKN  |s A  |a 24  |w stu41573_0001